Around the world with Sophie & Remy / (Record no. 7096)

MARC details
000 -LEADER
fixed length control field 01056nam a22002537a 4500
001 - CONTROL NUMBER
control field 7096
003 - CONTROL NUMBER IDENTIFIER
control field FISKH
005 - DATE AND TIME OF LATEST TRANSACTION
control field 20250620162123.0
008 - FIXED-LENGTH DATA ELEMENTS--GENERAL INFORMATION
fixed length control field 250620b cb ||||| |||| 00| 0 eng d
020 ## - INTERNATIONAL STANDARD BOOK NUMBER
International Standard Book Number 9789996345036
040 ## - CATALOGING SOURCE
Original cataloging agency FISKH
Language of cataloging eng
Transcribing agency FISKH
Modifying agency FISKH
050 ## - LIBRARY OF CONGRESS CALL NUMBER
Classification number PZ7
100 ## - MAIN ENTRY--PERSONAL NAME
Personal name Khing , Ravie
245 ## - TITLE STATEMENT
Title Around the world with Sophie & Remy /
Statement of responsibility, etc. By Ravie Khing and Kristin Hakim
260 ## - PUBLICATION, DISTRIBUTION, ETC.
Place of publication, distribution, etc. Phnom Penh :
Name of publisher, distributor, etc. Open Book ,
Date of publication, distribution, etc. 2013.
300 ## - PHYSICAL DESCRIPTION
Extent 98 pages :
Other physical details color illustrations ;
Dimensions 17 x23 cm .
505 ## - FORMATTED CONTENTS NOTE
Formatted contents note P <br/>
520 ## - SUMMARY, ETC.
Summary, etc. Sophie and Remy could be two curious, brave, and adventurous characters who embark on a journey across the globe. Each chapter might take them to a different country or city, where they explore unique cultures, landmarks, and traditions. The story might be aimed at young readers, showcasing global diversity and teaching geography in an engaging way.
521 8# - TARGET AUDIENCE NOTE
Target audience note 650 <br/>
Source Lexile estimate <br/>
521 8# - TARGET AUDIENCE NOTE
Target audience note P <br/>
Source Raz-Plus <br/>
700 ## - ADDED ENTRY--PERSONAL NAME
Personal name Hakim, Kristine
Relator term Illustrator
942 ## - ADDED ENTRY ELEMENTS (KOHA)
Source of classification or shelving scheme Dewey Decimal Classification
Koha item type Books
Suppress in OPAC No
Holdings
Withdrawn status Lost status Source of classification or shelving scheme Damaged status Not for loan Collection Home library Current library Shelving location Date acquired Total Checkouts Full call number Barcode Date last seen Price effective from Koha item type
    Dewey Decimal Classification     Fiction Footprints International School Library Network Toul Tom Poung Campus Footprints International School Library Network Toul Tom Poung Campus TTP Primary Orange Bookshelves 06/20/2025   KHI PZ7 FISTKG3A076 06/20/2025 06/20/2025 Books